000 00313nam a2200145Ia 4500
005 20251222152711.0
008 251222s9999||||xx |||||||||||||| ||spa||
020 _a8485123794
082 _a823.912/G77
100 _aGraham, Winston
245 0 _aPoldark
250 _a1ra. ed.
264 _bHMB
942 _cLIB
999 _c29218
_d29218